| 000 | 00569 a2200217 4500 | ||
|---|---|---|---|
| 005 | 20260227094812.0 | ||
| 008 | 260225b |||||||| |||| 00| 0 eng d | ||
| 020 |
_a9789364682855 _cRs. 550.00 |
||
| 040 | _aMAIN | ||
| 082 |
_a658.45 _bA26S9(2) |
||
| 100 | _aAlex, K | ||
| 245 | _aSoft skills: Know yourself and know the world | ||
| 250 | _a4th | ||
| 260 |
_bS Chand Publishing _c2025 _aNew Delhi |
||
| 300 | _axiii, 326 | ||
| 650 | _aInterpersonal | ||
| 650 | _aCommunication | ||
| 650 | _aSelf-Management | ||
| 650 | _aPersonality Delvopment | ||
| 942 | _cBK | ||
| 999 |
_c396963 _d396963 |
||